000 01059naa a22002897a 4500
001 BR7806571
003 BR-BrBNA
005 20240918174234.0
007 ta
008 230509b bl.||||| |||| 00| 0 por d
040 _aBR-BrBNA
_bpor
_cBiblioteca Nacional de Agricultura
041 _a(Pt)
072 _aF25
_b2120
_b3840
090 _aF25 BR7806571
100 1 _aPereira, J.E.
111 1 _a6. Congresso Brasileiro de Pesquisas Cafeeiras
_cRibeirao Preto, SP (Brazil)
_d24 Oct 1978
245 1 _aSolubilidade de alguns tipos de calcarios e escorias de alto forno
260 3 _aRio de Janeiro, RJ (Brasil):
_c1978.
500 _aResumos do 6. Congresso Brasileiro de Pesquisas Cafeeiras Rio de Janeiro, RJ (Brasil): 1978. p. 141-144 (BR7806571-AM)F25
650 _aCAFE
650 _aCALAGEM
650 _aCALCARIO
650 _aSOLUBILIDADE
773 0 _tResumos do 6. Congresso Brasileiro de Pesquisas Cafeeiras
_wF25 BR7806571
_gRio de Janeiro, RJ (Brasil), 1978. p. 141-144
909 _a202404
_bLucia
_c55
_dLucia Elande
942 _cAM
_2AGRIS
999 _c309803
_d309803